Estadísticas para Países de la Unión Europea

Haz click aquí para intentar la prueba.

Estadísticas generales

  • Esta prueba ha sido intentada 316 veces
  • La puntuación promedio es 24 de 28

Estadísticas de respuestas

País% Correcto
España
99%
Alemania
98%
Francia
98%
Italia
96%
Portugal
95%
Bélgica
92%
Grecia
92%
Estonia
90%
Finlandia
89%
Irlanda
89%
Lituania
89%
Polonia
89%
Suecia
89%
Austria
87%
Letonia
87%
Dinamarca
86%
Eslovaquia
86%
Rumanía
86%
Croacia
84%
Eslovenia
84%
Hungría
83%
Luxemburgo
82%
Países Bajos
81%
Bulgaria
80%
Reino Unido
76%
Malta
75%
República Checa
74%
Chipre
66%

Distribución de puntuación

Porcentaje por número respondido

Porcentaje de gente con cada puntuación

Historial de tus puntuaciones

No has intentado esta prueba.